000 00423nam a2200157Ia 4500
008 151213s9999 xx 000 0 und d
020 _a984-643-143-x
100 _aDr. M.Muniruzzaman
245 _aIntroduction to English Language Study
_cDr. M.Muniruzzaman
260 _aDhaka
_bFfiends Book Corner
_c2006
300 _a9022 p.
650 _aEnglish
650 _aEnglish
700 _aDr. M.Muniruzzaman
999 _c4692
_d4692